| 000 | 00000nam##2200000za#4500 |
| 001 | 9.698507 |
| 003 | CaOODSP |
| 005 | 20231102095718 |
| 007 | cr ||||||||||| |
| 008 | 150407|2007||||xxc|||||o f|0| 0 eng|d |
| 040 | |aCaOODSP|beng |
| 043 | |an-cn--- |
| 086 | 1 |aD74-12/2007E-PDF |
| 110 | 2 |aOffice of the National Defence and Canadian Forces Ombudsman. |
| 245 | 12|aA sniper's battle - a father's concern : |h[electronic resource]|ban investigation into the treatment of a Canadian Forces sniper deployed to Afghanistan in 2002 / |c[by] Yves Côté. |
| 246 | 1 |iAt head of title : |aSpecial report to the Minister of National Defence |
| 260 | |aOttawa - Ontario : |bOffice of the National Defence and Canadian Forces Ombudsman |cApril 2007. |
| 300 | |a72p. |
| 590 | |a13-23-Supp|b2013-10-08 |
| 775 | 08|tLa bataille d'un tireur d'élite - l'inquiétude d'un père : |w(CaOODSP)9.642514 |
| 856 | 40|ahttp://publications.gc.ca|qPDF|s1.69 MB|uhttps://publications.gc.ca/collections/collection_2013/dn-nd/D74-12-2007-eng.pdf |